Is the grass any greener on the other side? (Record no. 78719)

MARC details
000 -LEADER
fixed length control field 01012cab a22002055a 4500
001 - CONTROL NUMBER
control field L137820
008 - FIXED-LENGTH DATA ELEMENTS--GENERAL INFORMATION
fixed length control field 070501e2007 xxk 000 0 eng d
035 ## - SYSTEM CONTROL NUMBER
System control number (Sirsi) u137820
041 0# - LANGUAGE CODE
Language code of text/sound track or separate title eng
100 1# - MAIN ENTRY--PERSONAL NAME
Personal name Goldie, Anna
245 00 - TITLE STATEMENT
Title Is the grass any greener on the other side?
260 ## - PUBLICATION, DISTRIBUTION, ETC.
Date of publication, distribution, etc. 2007
490 #0 - SERIES STATEMENT
Series statement Building
Volume/sequential designation 272(8477) 27 April 2007, 48-53(6)
520 ## - SUMMARY, ETC.
Summary, etc. Discusses results from the annual "Building"/Hays Construction and Property consultants' salary guide, which reveals that consultants' salaries have risen steadily over the past year, although moving to a client or contractor is the fastest way to get a significant pay rise. Provides salary tables for quantity surveyors, building surveyors, architects, civil and structural CAD technicians, and engineers, broken down by UK regions.
590 ## - LOCAL NOTE (RLIN)
Local note KA
650 24 - SUBJECT ADDED ENTRY--TOPICAL TERM
Topical term or geographic name entry element BUILDING/HAYS CONSTRUCTION AND PROPERTY SALARY GUIDE
651 #4 - SUBJECT ADDED ENTRY--GEOGRAPHIC NAME
Geographic name United Kingdom
Chronological subdivision
690 ## - LOCAL SUBJECT ADDED ENTRY--TOPICAL TERM (OCLC, RLIN)
Topical term or geographic name as entry element CAREERS, EDUCATION AND TRAINING-SURVEYING APPOINTMENTS
942 ## - ADDED ENTRY ELEMENTS (KOHA)
Suppress in OPAC 0
Holdings
Withdrawn status Lost status Source of classification or shelving scheme Damaged status Not for loan Home library Current library Shelving location Date acquired Total Checkouts Full call number Barcode Date last seen Copy number Price effective from Koha item type
    Dewey Decimal Classification     London London Journal article 01/05/2007   L137820 137820-1001 06/08/2019 1 06/08/2019 Journal article